Statistics for Economies That Have Reached 1 Trillion Dollars

Click here to take the quiz!

General Stats

  • This quiz has been taken 277 times
  • The average score is 15 of 16

Answer Stats

YearCountry% Correct
1969United States
100%
1998China
99%
1990United Kingdom
98%
1979Japan
97%
1987West Germany
97%
1988France
96%
2007India
96%
1990Italy
95%
2006Russia
95%
2006Brazil
94%
2004Canada
93%
2004Spain
93%
2006South Korea
92%
2007Mexico
91%
2008Australia
90%
1979Soviet Union
72%

Score Distribution

Percentile by Number Answered

Percent of People with Each Score

Your Score History

You have not taken this quiz